|
|
|
|
| LEADER |
00000cam a2200000 a 4500 |
| 001 |
vtls011717256 |
| 003 |
SK-MaSNL |
| 005 |
20260301044622.0 |
| 008 |
240318s2017 xo da e np 000 0 slo |
| 015 |
|
|
|a SNBA2018/01
|
| 020 |
|
|
|a 9788055811611
|q (brož.)
|
| 035 |
|
|
|a urn:nbn:sk:snk-am00dfb0
|
| 035 |
|
|
|a urn:nbn:sk:snk-am3i0ah
|
| 035 |
|
|
|a 22730C69-A64C-4C12-B59C-0FC419B9EBF1
|
| 040 |
|
|
|a SNK
|b slo
|c SNK
|e AACR2
|
| 041 |
0 |
|
|a slo
|
| 044 |
|
|
|a xo
|c SK
|
| 072 |
|
7 |
|a 616-053.2
|x Pediatria
|2 konspekt
|
| 080 |
|
|
|a 616-053.2
|2 2011
|
| 080 |
|
|
|a 616-083
|2 2011
|
| 080 |
|
|
|a (075.8)
|2 2011
|
| 100 |
1 |
|
|a Spáčilová, Zuzana,
|d 1977-
|4 aut
|9 188794
|
| 245 |
1 |
0 |
|a Posudzovanie v pediatrickom ošetrovateľstve pre klinickú prax
|c Zuzana Spáčilová
|
| 250 |
|
|
|a 1. vyd.
|
| 260 |
|
|
|a Nitra
|b Univerzita Konštantína Filozofa, Fakulta sociálnych vied a zdravotníctva
|c 2017
|
| 300 |
|
|
|a 197 s.
|b grafy, ilustr., tab.
|c 21 cm
|
| 366 |
|
|
|e 150 výtlačkov
|
| 504 |
|
|
|a Bibliografia na strane 170-179 ; zoznam obrázkov ; zoznam skratiek ; zoznam tabuliek
|
| 650 |
0 |
7 |
|a pediatria
|2 SNKPH
|9 912
|
| 650 |
0 |
7 |
|a ošetrovateľstvo
|2 SNKPH
|9 2557
|
| 650 |
0 |
7 |
|a Pediatrics
|2 SNKPHeng
|9 266145
|
| 650 |
0 |
7 |
|a Nursing
|2 SNKPHeng
|9 267855
|
| 650 |
0 |
7 |
|a ošetrovateľská starostlivosť
|2 SNKPH
|9 63308
|
| 650 |
0 |
7 |
|a Nursing care
|2 SNKPHeng
|9 268413
|
| 655 |
|
7 |
|a učebnice vysokých škôl
|2 SNKPH
|9 70191
|
| 655 |
|
7 |
|a Textbooks (higher)
|2 SNKPHeng
|9 276436
|
| 919 |
|
|
|a 978-80-558-1161-1
|
| 958 |
|
|
|a NB
|
| 958 |
|
|
|a MI
|
| 999 |
|
|
|c 596421
|d 598351
|
| 952 |
|
|
|a SNK
|b SNK
|y PREZ
|7 0
|p 17A1307058
|o snkSC 177544
|i snk2018/672
|8 0
|0 0
|1 0
|4 0
|d 2018-01-11
|f 1
|l 0
|r 2025-09-18 00:00:00
|w 2026-02-23
|
| 952 |
|
|
|a SNK
|b SNK
|y VYP
|7 0
|p 17A1307059
|o snkSC 177544 D1
|i snk2018/673
|8 0
|0 0
|1 0
|4 0
|d 2018-01-11
|l 0
|r 2026-02-23 15:39:48
|w 2026-02-23
|